书目信息 |
| 题名: |
植物生长调节剂在蔬菜上的应用
|
|
| 作者: | 何晓明 , 谢大森 编著 | |
| 分册: | ||
| 出版信息: | 北京 化学工业出版社 2010 |
|
| 页数: | 209页 | |
| 开本: | 21cm | |
| 丛书名: | 植物生长调节剂应用丛书 | |
| 单 册: | ||
| 中图分类: | S63 | |
| 科图分类: | ||
| 主题词: | 植物生长调节剂--应用--蔬菜--栽培 , 植物生长调节剂 , 蔬菜 | |
| 电子资源: | ||
| ISBN: | 978-7-122-08589-4 | |
| 000 | 01098oam2 2200301 45 | |
| 001 | 1132081859 | |
| 005 | 20110314091951.96 | |
| 010 | @a978-7-122-08589-4@dCNY26.00 | |
| 100 | @a20110120e2010 em y0chiy0110 ea | |
| 101 | 0 | @achi |
| 102 | @aCN@b110000 | |
| 105 | @ay z 000yy | |
| 106 | @ar | |
| 200 | 1 | @a植物生长调节剂在蔬菜上的应用@AZhi Wu Sheng Chang Diao Jie Ji Zai Shu Cai Shang De Ying Yong@f何晓明,谢大森编著@FHe Xiao Ming, Xie Da Sen Bian Zhu |
| 205 | @a2版 | |
| 210 | @a北京@c化学工业出版社@d2010 | |
| 215 | @a209页@d21cm | |
| 225 | 2 | @a植物生长调节剂应用丛书 |
| 330 | @a本书在简述植物生长调节剂的种类、特性、功能等基础知识的基础上,结合各种蔬菜作物的特点和生长要求,介绍了植物生长调节剂在瓜类、茄果类、甘蓝类等蔬菜中促进种子萌发、培育壮苗等方面的应用。 | |
| 461 | 0 | @12001 @a植物生长调节剂应用丛书 |
| 606 | 0 | @a植物生长调节剂@x应用@x蔬菜@x栽培 |
| 606 | 0 | @a植物生长调节剂 |
| 606 | 0 | @a蔬菜 |
| 690 | @aS63@v4 | |
| 701 | 0 | @a何晓明@AHe Xiao Ming@4编著 |
| 701 | 0 | @a谢大森@AXie Da Sen@4编著 |
| 801 | 0 | @aCN@bTANGWEI@c20110314 |
| 905 | @b0532412-16@dS63@e227=2@f5 | |
| 植物生长调节剂在蔬菜上的应用/何晓明,谢大森编著.-2版.-北京:化学工业出版社,2010 |
| 209页;21cm.-(植物生长调节剂应用丛书) |
| ISBN 978-7-122-08589-4:CNY26.00 |
| 本书在简述植物生长调节剂的种类、特性、功能等基础知识的基础上,结合各种蔬菜作物的特点和生长要求,介绍了植物生长调节剂在瓜类、茄果类、甘蓝类等蔬菜中促进种子萌发、培育壮苗等方面的应用。 |
| ● |
| 相关链接 |
|
|
|
|
正题名:植物生长调节剂在蔬菜上的应用
索取号:S63/227=2
 
预约/预借
| 序号 | 登录号 | 条形码 | 馆藏地/架位号 | 状态 | 备注 |
| 1 | 0532412 | 205324120 | 第二样本阅览室/ [索取号:S63/227=2] | 在馆 | |
| 2 | 0532413 | 205324139 | 第三借阅区/ [索取号:S63/227=2] | 在馆 | |
| 3 | 0532414 | 205324148 | 密集书库-生命科学系/ [索取号:S63/227=2] | 在馆 | |
| 4 | 0532415 | 205324157 | 第三借阅区/ [索取号:S63/227=2] | 在馆 | |
| 5 | 0532416 | 205324166 | 第三借阅区/ [索取号:S63/227=2] | 在馆 |